| 000 | 01255cam a22003377a 4500 | ||
|---|---|---|---|
| 001 | 18114845 | ||
| 005 | 20180226034055.0 | ||
| 007 | co cga|||||||| | ||
| 008 | 140414s2011 ilua bp 001 0 eng | ||
| 010 | _a 2010907499 | ||
| 016 | 7 |
_a101590656 _2DNLM |
|
| 020 | _a9781581104981 | ||
| 020 | _a1581104987 | ||
| 035 | _a(OCoLC)ocn712921620 | ||
| 040 |
_aNLM _beng _cNLM _dYDXCP _dWSU _dVTM _dPAU _dCYB _dCNMBL _dERN _dOCLCA _dOCLCF _dUNBCA _dDLC |
||
| 041 | _aeng | ||
| 042 |
_anlmcopyc _alccopycat |
||
| 060 | 0 | 0 | _a2012 G-481 |
| 060 | 1 | 0 | _aWQ 18.2 |
| 080 | _a616-053.2 KAT | ||
| 082 | _a616-053.2 KAT | ||
| 100 | _a8 | ||
| 101 | _aPED | ||
| 245 | 0 | 0 |
_aTextbook of neonatal resuscitation / _ceditor, John Kattwinkel ; associate editors, Jane E. McGowan, Jeanette Zaichkin ; assistant editors, Khalid Aziz ... [et al.] ; educational design editor, Jerry Short ; managing editors, Rachel Poulin, Wendy Marie Simon. |
| 246 | 1 | _aNeonatal resuscitation | |
| 246 | 1 | _aNeonatal resuscitation textbook | |
| 504 | _aIncludes bibliographical references (p. 314-317) and index. | ||
| 906 |
_a7 _bcbc _ccopycat _d2 _eepcn _f20 _gy-gencatlg |
||
| 942 |
_2ddc _cBK |
||
| 999 |
_c43397 _d43397 |
||